00361nam a2200121 4500082001600000100001500016245002100031260004200052300000700094942000700101999001500108952011600123 a541.345 TAY aR.J.Taylor aSurface Activity aCantaberabUniliver Research Division a22 cBK c3666d3666 0010708NFICaICbICcGENd2016-10-22l1o541.345 TAYp005290r2022-11-17 00:00:00s2016-12-17w2016-10-22yBK